Nādir Shāh. (Record no. 50034)

MARC details
000 -LEADER
fixed length control field 00626cam a22002171 4500
001 - CONTROL NUMBER
control field ne 68000415
003 - CONTROL NUMBER IDENTIFIER
control field DLC
005 - DATE AND TIME OF LATEST TRANSACTION
control field 20260227111837.0
008 - FIXED-LENGTH DATA ELEMENTS--GENERAL INFORMATION
fixed length control field 890402s1961 xx c 000 0bper
010 ## - LIBRARY OF CONGRESS CONTROL NUMBER
LC control number ne 68000415
035 ## - SYSTEM CONTROL NUMBER
System control number (OCoLC)23555464
040 ## - CATALOGING SOURCE
Original cataloging agency DLC
Transcribing agency MiU
Modifying agency DLC
050 00 - LIBRARY OF CONGRESS CALL NUMBER
Classification number DS294
Item number .S5
100 1# - MAIN ENTRY--PERSONAL NAME
Personal name Shafaq, Riz̤āʹzādah,
Dates associated with a name 1892 or 1893-
245 10 - TITLE STATEMENT
Title Nādir Shāh.
260 ## - PUBLICATION, DISTRIBUTION, ETC.
Date of publication, distribution, etc. 1339 [1961]
300 ## - PHYSICAL DESCRIPTION
Extent 14, 276 p.
Other physical details col. ports.
Dimensions 25 cm.
500 ## - GENERAL NOTE
General note Romanized.
600 00 - SUBJECT ADDED ENTRY--PERSONAL NAME
Personal name Nādir Shāh,
Titles and other words associated with a name Shah of Iran,
Dates associated with a name 1688-1747.
810 2# - SERIES ADDED ENTRY--CORPORATE NAME
Corporate name or jurisdiction name as entry element Anjuman-i Ās̲ār-i Millī (Iran).
Title of a work Silsilah-i intishārāt ;
Volume/sequential designation 39.

No items available.

Powered by Koha